| 000 | 00767nam a22001937a 4500 | ||
|---|---|---|---|
| 005 | 20231220150314.0 | ||
| 010 | _aB-755991-996 ENG-18.10.23 | ||
| 020 |
_a9788178443652 _c1295.00 |
||
| 035 | _aB-755991-996 | ||
| 037 | _bK.K. Publication | ||
| 082 | _a615.5 | ||
| 100 |
_aSrivastava, Sumita. _960059 |
||
| 245 |
_aFit India; _cSumita Srivastava _bHolistic Health Care for Quality Life/ |
||
| 260 |
_aNew Delhi _c2023 _bK K Publication |
||
| 270 |
_a4806/24, Bharat Ram Road, Daryaganj _bNew Delhi _e110002 |
||
| 300 |
_a441p. _c22cm (hb) |
||
| 942 |
_2ddc _cEN _h615.5 _mSRI |
||
| 999 |
_c199389 _d199389 |
||